Catálogo público

Introducción a la mecánica de suelos (Record no. 7130)

MARC details
000 -CABECERA
campo de control de longitud fija 01334cam a22003617a 4500
003 - IDENTIFICADOR DEL NÚMERO DE CONTROL
campo de control CHAP
005 - FECHA Y HORA DE LA ÚLTIMA TRANSACCIÓN
campo de control 20220329133513.0
008 - DATOS DE LONGITUD FIJA--INFORMACIÓN GENERAL
campo de control de longitud fija 971013s1981 r 00010 d
010 ## - NÚMERO DE CONTROL DE LA BIBLIOTECA DEL CONGRESO
Número de control de LC 7130
011 ## - ENLACE DEL NUMERO DE CONTROL DE LA BIBLIOTECA DEL CONGRESO [OBSOLETO]
Número de control de LC 8102
035 ## - NÚMERO DE CONTROL DEL SISTEMA
Número de control de sistema 7327
040 ## - FUENTE DE LA CATALOGACIÓN
Centro/agencia transcriptor CHAP
082 ## - NÚMERO DE LA CLASIFICACIÓN DECIMAL DEWEY
Número de clasificación 624.151
Número de documento/Ítem F5
100 00 - ENTRADA PRINCIPAL--NOMBRE DE PERSONA
Nombre de persona Flamand Rodríguez, Carlos Luis.
9 (RLIN) 41213
245 #0 - MENCIÓN DE TÍTULO
Título Introducción a la mecánica de suelos
260 ## - PUBLICACIÓN, DISTRIBUCIÓN, ETC.
Lugar de publicación, distribución, etc. Chapingo, Méx. :
Nombre del editor, distribuidor, etc. UACH. Departamento de Irrigación,
Fecha de publicación, distribución, etc. 1981
300 ## - DESCRIPCIÓN FÍSICA
Extensión 405 p.
Otras características físicas : ilus. ; gráfs.
500 ## - NOTA GENERAL
Nota general 64-97
500 ## - NOTA GENERAL
Nota general c.3 se sust. por c.6 de la 2 ed. 1995
590 ## - NOTA LOCAL (RLIN)
Nota local BATCH-UPD
Procedencia (VM) [OBSOLETO] 10
Condición del los carretes individuales (VM) [OBSOLETO] 20130110
-- UCH01
-- 1704
590 ## - NOTA LOCAL (RLIN)
Nota local BATCH-UPD
Procedencia (VM) [OBSOLETO] 10
Condición del los carretes individuales (VM) [OBSOLETO] 20130410
-- UCH01
-- 1051
590 ## - NOTA LOCAL (RLIN)
Nota local BATCH-UPD
Procedencia (VM) [OBSOLETO] 10
Condición del los carretes individuales (VM) [OBSOLETO] 20130914
-- UCH01
-- 1553
590 ## - NOTA LOCAL (RLIN)
Nota local CONVERSION
Procedencia (VM) [OBSOLETO] 10
Condición del los carretes individuales (VM) [OBSOLETO] 20130109
-- UCH01
-- 1305
650 14 - PUNTO DE ACCESO ADICIONAL DE MATERIA--TÉRMINO DE MATERIA
Término de materia o nombre geográfico como elemento de entrada Mecánica de suelos.
9 (RLIN) 73824
901 ## - ELEMENTOS DE DATOS A LOCAL LDA (RLIN)
a BK
942 ## - ELEMENTOS DE PUNTO DE ACCESO ADICIONAL (KOHA)
Tipo de ítem Koha Libro
949 ## - PROCESAMIENTO DE INFORMACIÓN LOCAL (OCLC)
a 624.151 F5
b BC
c LIBRO
d -79080
e LIBRO
f c.7
h 83072
i 7327
s i
949 ## - PROCESAMIENTO DE INFORMACIÓN LOCAL (OCLC)
a 624.151 F5
b BC
c LIBRO
d 33724000018180
e LIBRO
h 68084
i 7327
s i
949 ## - PROCESAMIENTO DE INFORMACIÓN LOCAL (OCLC)
a 624.151 F5
b BC
c LIBRO
d 33724000018198
e LIBRO
f c.2
h 68735
i 7327
s i
949 ## - PROCESAMIENTO DE INFORMACIÓN LOCAL (OCLC)
a 624.151 F5
b BC
c LIBRO
d 33724000018214
e LIBRO
f c.5
h 68738
i 7327
s i
949 ## - PROCESAMIENTO DE INFORMACIÓN LOCAL (OCLC)
a 624.151 F5
b BC
c LIBRO
d 33724000018222
e LIBRO
f c.6
h 68739
i 7327
s i
949 ## - PROCESAMIENTO DE INFORMACIÓN LOCAL (OCLC)
a 624.151 F5
b BC
c MUT
d -79077
e MUT
f c.4
h 68737
i 7327
s i
Holdings
Estado de retiro Estado de pérdida Fuente del sistema de clasificación o colocación Estado dañado Restricciones de uso No para préstamo Código de colección Localización permanente Ubicación/localización actual Ubicación en estantería Fecha de adquisición Información codificada de la localización en otra ubicación Total de préstamos Signatura topográfica completa Código de barras Fecha visto por última vez Número de copia Precio válido a partir de Tipo de ítem Koha Fecha del último préstamo Renovaciones totales
    Clasificación Universidad Autónoma de Chapingo   Préstamo 15 días   General Biblioteca Central Biblioteca Central Planta principal - Colección General 31/12/2019 LIBRO   624.151 F5 33724000018198 31/12/2019 c.2 31/12/2019 Libro    
    Clasificación Universidad Autónoma de Chapingo   Préstamo 15 días   General Biblioteca Central Biblioteca Central Planta principal - Colección General 31/12/2019 LIBRO 1 624.151 F5 33724000018214 23/03/2022 c.5 31/12/2019 Libro 14/03/2022  
    Clasificación Universidad Autónoma de Chapingo   Préstamo 15 días   General Biblioteca Central Biblioteca Central Planta principal - Colección General 31/12/2019 LIBRO 2 624.151 F5 33724000018222 04/02/2025 c.6 31/12/2019 Libro 03/02/2025 2
    Clasificación Universidad Autónoma de Chapingo   Préstamo 15 días   General Biblioteca Central Biblioteca Central Planta principal - Colección General 31/12/2019 LIBRO   624.151 F5 33724002512728 31/12/2019 c.7 31/12/2019 Libro    
      Material dañado Préstamo 3 días   Material mutilado Biblioteca Central Biblioteca Central   31/12/2019 LIBRO   624.151 F5 -79077 31/12/2019 c.4 31/12/2019 Libro    
        Préstamo interno   Publicaciones UACh Biblioteca Central Biblioteca Central Planta alta - Área de Tesis - UACh 31/12/2019 LIBRO   624.151 F5 33724002468256 31/12/2019   31/12/2019 Libro